Electronic circuit analysis and design / (Record no. 85201)

MARC details
000 -LEADER
fixed length control field 01049cam a2200301 a 4500
001 - CONTROL NUMBER
control field 2558471
003 - CONTROL NUMBER IDENTIFIER
control field URS
005 - DATE AND TIME OF LATEST TRANSACTION
control field 20250828102551.0
008 - FIXED-LENGTH DATA ELEMENTS--GENERAL INFORMATION
fixed length control field 950508s1996 ilua b 001 0 eng
010 ## - LIBRARY OF CONGRESS CONTROL NUMBER
LC control number 95000221
020 ## - INTERNATIONAL STANDARD BOOK NUMBER
International Standard Book Number 0256119198
040 ## - CATALOGING SOURCE
Original cataloging agency DLC
Transcribing agency URS
Modifying agency DLC
050 00 - LIBRARY OF CONGRESS CALL NUMBER
Classification number TK7867
Item number .N412 1996
100 1# - MAIN ENTRY--PERSONAL NAME
Personal name Neamen, Donald A.
245 10 - TITLE STATEMENT
Title Electronic circuit analysis and design /
Statement of responsibility, etc. Donald A. Neamen.
260 ## - PUBLICATION, DISTRIBUTION, ETC.
Place of publication, distribution, etc. Chicago :
Name of publisher, distributor, etc. Irwin,
Date of publication, distribution, etc. c1996.
300 ## - PHYSICAL DESCRIPTION
Extent xxvii, 1128 pages. :
Other physical details ill. (some col.) ;
Dimensions 26 cm.
336 ## - CONTENT TYPE
Source rdacontent
Content type term text
337 ## - MEDIA TYPE
Source rdamedia
Media type term unmediated
338 ## - CARRIER TYPE
Source rdacarrier
Carrier type term volume
504 ## - BIBLIOGRAPHY, ETC. NOTE
Bibliography, etc. note Includes bibliographical references (p. 1099-1101) and index.
650 #0 - SUBJECT ADDED ENTRY--TOPICAL TERM
Topical term or geographic name entry element Electronic circuit design.
650 #0 - SUBJECT ADDED ENTRY--TOPICAL TERM
Topical term or geographic name entry element Semiconductors
General subdivision Design and construction.
650 #0 - SUBJECT ADDED ENTRY--TOPICAL TERM
Topical term or geographic name entry element Electronic circuit design.
906 ## - LOCAL DATA ELEMENT F, LDF (RLIN)
a 7
b cbc
c orignew
d 1
e ocip
f 19
g y-gencatlg
942 ## - ADDED ENTRY ELEMENTS (KOHA)
Source of classification or shelving scheme Library of Congress Classification
Koha item type Foreign Books
Holdings
Withdrawn status Source of classification or shelving scheme Damaged status Not for loan Collection code Home library Current library Date acquired Total Checkouts Full call number Date last seen Price effective from Koha item type Barcode
  Library of Congress Classification     Non-fiction Morong College Library Morong College Library 06/02/2022   TK7867 .N412 1996 06/02/2022 06/02/2022 Foreign Books  
  Library of Congress Classification       Morong College Library Morong College Library 07/28/2025   TK7867 .N412 1996 07/28/2025 07/28/2025 Foreign Books 20173

University of Rizal System
Email us at univlibservices@urs.edu.ph

Visit our Website www.urs.edu.ph/library